书目信息 |
| 题名: |
应用随机过程
|
|
| 作者: | 张波 , 张景肖 编著 | |
| 分册: | ||
| 出版信息: | 北京 清华大学出版社 2004.09 |
|
| 页数: | X, 249页 | |
| 开本: | 23cm | |
| 丛书名: | 应用统计学系列教材 | |
| 单 册: | ||
| 中图分类: | O211.6-43 | |
| 科图分类: | ||
| 主题词: | 随机过程--高等学校--教材 | |
| 电子资源: | ||
| ISBN: | 7-302-08940-X | |
| 000 | 01092nam 2200289 450 | |
| 001 | 0137897163 | |
| 005 | 20051110092456.22 | |
| 010 | @a7-302-08940-X@dCNY22.00 | |
| 100 | @a20050316d2004 km y0chiy0120 ea | |
| 101 | 0 | @achi |
| 102 | @aCN@b110000 | |
| 105 | @aa a 000yy | |
| 200 | 1 | @a应用随机过程@Aying yong sui ji guo cheng@d= Applied Stochastic Processes@f张波, 张景肖编著@Fzhang bo,zhang jing xiao bian zhu@zeng |
| 210 | @a北京@c清华大学出版社@d2004.09 | |
| 215 | @aX, 249页@c图@d23cm | |
| 225 | 2 | @a应用统计学系列教材 |
| 320 | @a有书目 (第248-249页)。 | |
| 330 | @a本书内容从入门知识到学术前沿,包括预备知识、随机过程的基本类型、Poisson过程、更新过程、Markov链、鞅、Brown运动、随机积分、随机微分方程及其应用和Levy过程等。 | |
| 333 | @a普通高等教育"十五"国家级规划教材 | |
| 410 | 0 | @12001 @a应用统计学系列教材 |
| 510 | 1 | @aApplied Stochastic Processes@zeng |
| 606 | 0 | @a随机过程@x高等学校@j教材 |
| 690 | @aO211.6-43@v4 | |
| 701 | 0 | @a张波@Azhang bo@4编著 |
| 701 | 0 | @a张景肖@Azhang jing xiao@4编著 |
| 801 | 0 | @aCN@bQSSK@c20051110 |
| 905 | @a10447@dO211.6-43@eZ076 | |
| 应用随机过程= Applied Stochastic Processes/张波, 张景肖编著.-北京:清华大学出版社,2004.09 |
| X, 249页:图;23cm.-(应用统计学系列教材) |
| 使用对象:普通高等教育"十五"国家级规划教材 |
| ISBN 7-302-08940-X:CNY22.00 |
| 本书内容从入门知识到学术前沿,包括预备知识、随机过程的基本类型、Poisson过程、更新过程、Markov链、鞅、Brown运动、随机积分、随机微分方程及其应用和Levy过程等。 |
| ● |
| 相关链接 |
|
|
|
正题名:应用随机过程
索取号:O211.6-43/Z076
 
预约/预借
| 序号 | 登录号 | 条形码 | 馆藏地/架位号 | 状态 | 备注 |
| 1 | 573526 | 205735267 | 数理学院资料室/ [索取号:O211.6-43/Z076] | 在馆 | |
| 2 | 573527 | 205735276 | 自科库401/401自科库 47排7列1层/ [索取号:O211.6-43/Z076] | 在馆 | |
| 3 | 573528 | 205735285 | 自科库401/401自科库 79排2列2层/ [索取号:O211.6-43/Z076] |
已借出,限还日期为2022.11.01 借出人:刘玉晓 |